000 00323pam a2200133 a 4500
020 _a0-273-61935-7
_c
041 _h
082 _a658.152
_bGOU
100 _aGOUGH L.,
245 _aESSENTIAL MANAGEMENT AND FINANCE
_hTextual Documents
260 _aLONDON
_bPITMAN PUBLISHING
_c1996
300 _aXXXI+303
930 _a6673
999 _c126137
_d126137